000 00772nam a2200265Ia 4500
003 AR-BeUNQ
005 20240429151757.0
008 221202s9999 xx 000 0 und d
020 _a9789875473065
040 _aAR-BeUNQ
_bspa
_eaacr
_cAR-BeUNQ
100 _aGarcia Carolina
245 0 _aGeografía 2 : El continente americano
250 _a1a.ed
260 _aSan Isidro :
_bPuerto de Palos,
_c2011
300 _a208 p.:
_bil. ;
_c28 x 20 cm
490 _aLogonautas
500 _aGeografía de América
521 _aContiene Biliogrqafía
546 _aEspañol
653 _aEducación Secundaria
653 _aGeografía- Enseñanza
700 _aAlvarez Insúa, Nadina
929 _bFihman, Daniel
_e2022
_aDONACION
_fPAT0081648
_j60244
942 _cLIB
_n0
999 _c717
_d717